banner-ar

الحضارة الفينيقية فى اسبانية / (Record no. 38875)

MARC details
000 -الفاتح
حقل البيانات ثابتة الطول 00605nam a2200205Ia 4500
008 - عناصر البيانات ثابتة الطول - معلومات عامة
حقل البيانات ثابتة الطول 140319s9999 xx 000 0 ara d
040 ## - مصدر الفهرسة
وكالة الفهرسة الأصلية GCL /
وكالة النسخ GCL
082 04 - رقم تصنيف ديوى العشرى
رقم التصنيف 939.44
رقم المادة ت ح
100 1# - المدخل الرئيسى - إسم شخصى
الإسم الشخصى ميشال ابى فاضل
245 10 - بيان العنوان
العنوان الحضارة الفينيقية فى اسبانية /
بيان المسئوليه,etc ميشال ابى فاضل
700 1# - المدخل الاضافى - اسم شخصى
الإسم الشخصى تسركين، يولى بركوفيتش
700 1# - المدخل الاضافى - اسم شخصى
الإسم الشخصى يوسف ابى فاضل
300 ## - الوصف المادى
التعداد 376 ص
490 ## - بيان السلسلة
عنوان السلسلة
650 04 - المدخل الاضافى بالموضوع-مصطلح موضوعى
مصطلح موضوعي لبنان القديم
650 04 - المدخل الاضافى بالموضوع-مصطلح موضوعى
مصطلح موضوعي الفنقيون
650 04 - المدخل الاضافى بالموضوع-مصطلح موضوعى
مصطلح موضوعي اسبانيا - تاريخ
942 ## - عناصر المدخل الإضافي( كوها)
مصدر التصنيف او مخطط الترفيف Dewey Decimal Classification
Koha [default] item type كتاب
Holdings
حالة التراجع حالة الفقد حالة تلف ليس للاعارة المكان المؤقت الموقع الحالى تاريخ الاكتساب اجمالي اﻻعارات رقم الطلب الباركود تاريخ اخر مشاهدة تاريخ تفعيل السعر نوع وعاء كوها
        مكتبة القاهرة الكبرى مكتبة القاهرة الكبرى 03/26/2014   939.44\ت ح 94833 03/26/2014 03/26/2014 كتاب
        مكتبة القاهرة الكبرى مكتبة القاهرة الكبرى 03/26/2014   939.44\ت ح 94834 03/26/2014 03/26/2014 كتاب
        مكتبة القاهرة الكبرى مكتبة القاهرة الكبرى 03/26/2014   939.44\ت ح 94835 03/26/2014 03/26/2014 كتاب

Powered By

EGPV